Transport processes and separation process principles : (Record no. 16595)
[ view plain ]
| 000 -LEADER | |
|---|---|
| fixed length control field | 01045cam a22002775a 4500 |
| 001 - CONTROL NUMBER | |
| control field | 12994011 |
| 005 - DATE AND TIME OF LATEST TRANSACTION | |
| control field | 20170227104821.0 |
| 008 - FIXED-LENGTH DATA ELEMENTS--GENERAL INFORMATION | |
| fixed length control field | 021106t2003 njua frb 001 0 eng d |
| 020 ## - INTERNATIONAL STANDARD BOOK NUMBER | |
| International Standard Book Number | 0131217607 |
| 020 ## - INTERNATIONAL STANDARD BOOK NUMBER | |
| International Standard Book Number | 9780131217607 |
| 040 ## - CATALOGING SOURCE | |
| Original cataloging agency | DLC |
| Transcribing agency | DLC |
| Modifying agency | DLC |
| -- | EG-ScBUE |
| -- | EG-ScBUE |
| Language of cataloging | eng |
| 082 04 - DEWEY DECIMAL CLASSIFICATION NUMBER | |
| Classification number | 660.2842 |
| Edition number | 22 |
| Item number | GEA |
| 100 1# - MAIN ENTRY--PERSONAL NAME | |
| Personal name | Geankoplis, Christie J. |
| 9 (RLIN) | 29422 |
| 245 10 - TITLE STATEMENT | |
| Title | Transport processes and separation process principles : |
| Remainder of title | (includes unit operations) / |
| Statement of responsibility, etc | Christie John Geankoplis. |
| 250 ## - EDITION STATEMENT | |
| Edition statement | 4th ed., International ed. |
| 260 ## - PUBLICATION, DISTRIBUTION, ETC. (IMPRINT) | |
| Place of publication, distribution, etc | Upper Saddle River : |
| Name of publisher, distributor, etc | Prentice Hall Professional Technical Reference, |
| Date of publication, distribution, etc | c.2003. |
| 300 ## - PHYSICAL DESCRIPTION | |
| Extent | xiii, 1026 p. : |
| Other physical details | ill. ; |
| Dimensions | 25 cm. |
| 500 ## - GENERAL NOTE | |
| General note | Rev. ed. of : Transport processes and unit operations. 3rd ed. c1993. |
| 500 ## - GENERAL NOTE | |
| General note | Index : p. 1009-1025. |
| 504 ## - BIBLIOGRAPHY, ETC. NOTE | |
| Bibliography, etc | Includes bibliographical references. |
| 650 #7 - SUBJECT ADDED ENTRY--TOPICAL TERM | |
| Topical term or geographic name as entry element | Transport theory. |
| 9 (RLIN) | 4431 |
| Source of heading or term | BUEsh |
| 651 ## - SUBJECT ADDED ENTRY--GEOGRAPHIC NAME | |
| Source of heading or term | BUEsh |
| 653 ## - INDEX TERM--UNCONTROLLED | |
| Resource For college | Engineering, Chemical |
| Arrived date list | March2012 |
| -- | October2014 |
| -- | October2016 |
| 655 ## - INDEX TERM--GENRE/FORM | |
| Form subdivision | Text book |
| -- | 33728 |
| 942 ## - ADDED ENTRY ELEMENTS (KOHA) | |
| Source of classification or shelving scheme | Dewey Decimal Classification |
| Item type | Book - Borrowing |
| Call number prefix | 660.2842 GEA |
| Withdrawn status | Item status | Source of classification or shelving scheme | Damaged status | Not for loan | Vendor | Home library | Current library | Shelving location | Date acquired | Source of acquisition | Total Checkouts | Full call number | Barcode | Date last seen | Date last borrowed | Koha item type | Public note | Total Renewals | Cost, normal purchase price | Cost, replacement price |
|---|---|---|---|---|---|---|---|---|---|---|---|---|---|---|---|---|---|---|---|---|
| Dewey Decimal Classification | Baccah | Central Library | Central Library | First floor | 20/03/2012 | 1 | 660.2842 GEA | 000026499 | 15/07/2025 | 22/10/2013 | NB - Book (Non borrowing) | [Paperback] | ||||||||
| Dewey Decimal Classification | Baccah | Central Library | Central Library | First floor | 28/10/2013 | 3 | 660.2842 GEA | 000023005 | 15/07/2025 | 22/10/2014 | Book - Borrowing | [Hardcover] | 18 | |||||||
| Dewey Decimal Classification | Baccah | Central Library | Central Library | First floor | 08/10/2014 | 1 | 660.2842 GEA | 000036524 | 15/07/2025 | 19/02/2017 | Book - Borrowing | 2 | 490.00 | 612.50 | ||||||
| Dewey Decimal Classification | Baccah | Central Library | Central Library | First floor | 08/10/2014 | 5 | 660.2842 GEA | 000036525 | 15/07/2025 | 15/02/2018 | Book - Borrowing | 72 | 490.00 | 612.50 | ||||||
| Dewey Decimal Classification | Baccah | Central Library | Central Library | First floor | 08/10/2014 | 2 | 660.2842 GEA | 000036526 | 15/07/2025 | 17/03/2018 | Book - Borrowing | 13 | 490.00 | 612.50 | ||||||
| Dewey Decimal Classification | Baccah | Central Library | Central Library | First floor | 09/10/2016 | Purchase | 660.2842 GEA | 000033896 | 15/07/2025 | Book - Borrowing | 420.00 | |||||||||
| Dewey Decimal Classification | Baccah | Central Library | Central Library | First floor | 09/10/2016 | Purchase | 3 | 660.2842 GEA | 000033897 | 15/07/2025 | 27/10/2018 | Book - Borrowing | 20 | 420.00 | ||||||
| Dewey Decimal Classification | Baccah | Central Library | Central Library | First floor | 09/10/2016 | Purchase | 1 | 660.2842 GEA | 000033898 | 15/07/2025 | 07/02/2018 | Book - Borrowing | 5 | 420.00 |